Statistics for Ireland Football Squad World Cup 2022 Qualifying

Click here to take the quiz!

General Stats

  • This quiz has been taken 6 times
    (4 since last reset)
  • The average score is 21 of 30

Answer Stats

PositionPlayerClubAppsGT AppsT G% Correct
GoalkeeperGavin BazunuPortsmouth (Loan)80100
100%
ForwardTroy ParrottMK Dons (Loan)30102
100%
ForwardAaron ConnollyBrighton & Hove Albion2080
75%
ForwardAdam IdahNorwich City60130
75%
ForwardCallum RobinsonWest Bromwich Albion83247
75%
ForwardChiedozie OgbeneRotherham United3152
75%
DefenderCiaran ClarkNewcastle United20362
75%
DefenderDara O'SheaWest Bromwich Albion40100
75%
ForwardDaryl HorganWycombe Wonderers40171
75%
DefenderEnda StevensSheffield United30230
75%
ForwardJames CollinsCardiff City41142
75%
ForwardJames McCleanWigan Athletic908811
75%
MidfielderJamie McGrathSt Mirren4060
75%
MidfielderJason KnightDerby County3090
75%
MidfielderJason MolumbyWest Bromwich Albion (Loan)60120
75%
DefenderJohn EganSheffield United61211
75%
MidfielderJosh CullenAnderlecht80150
75%
GoalkeeperMark TraversAFC Bournemouth1030
75%
DefenderMatt DohertyTottenham Hotspurs80271
75%
DefenderRyan ManningSwansea City1020
75%
DefenderSéamus ColemanEverton70631
75%
DefenderShane DuffyBrighton & Hove Albion72517
75%
ForwardShane LongBournemouth (Loan)308817
75%
ForwardWill KeaneWigan Athletic1010
75%
MidfielderAlan BrownePreston North End51172
50%
DefenderAndrew OmobamideleNorwich City4050
50%
MdfielderJeff HendrickNewcastle United70682
50%
MidfiedlerRobbie BradyBurnley30578
50%
MidfielderConor HourihaneSheffield United (Loan)50321
25%
DefenderCyrus ChristieNottingham Forest (Loan)10282
25%

Score Distribution

Percentile by Number Answered

Percent of People with Each Score

Your Score History

You have not taken this quiz since the last reset